000 00512nam a2200229Ia 4500
003 OSt
005 20220912144331.0
006 a|||||r|||| 00| 0
007 ta
008 220909b |||||||| |||| 00| 0 eng d
020 _aSL01381946
024 _a194377
037 _cTextual
040 _aCSL
_beng
_cCSL
041 _aeng
082 _aB7, P6
100 _aGregory
245 0 _aClassical mechanics
700 _aGregory
942 _hB7, P6
_cTEXL
_2CC
999 _c5228
_d5228